[Event "European Women-ch 2023"]
[Site "Petrovac"]
[Date "2023.03.23"]
[Round "6.14"]
[White "Berke, Ana"]
[Black "Manova, Ivana"]
[Result "1-0"]
[WhiteElo "2107"]
[BlackElo "1923"]
[Annotator "TA"]
[PlyCount "86"]
[EventDate "2023.03.15"]
[EventType "swiss"]
[EventCountry "MNE"]
[SourceTitle "playchess.com"]
[Source "ChessBase"]
[SourceQuality "1"]

1. e4 c5 2. Nf3 a6 3. c4 Nc6 4. d4 cxd4 5. Nxd4 e5 6. Nc2 Bc5 7. Bd3 Nge7 8. O-O O-O 9. Be3 d6 10. Nc3 Be6 11. Nd5 Rc8 12. Kh1 Bxe3 13. Ncxe3 Bxd5 14. exd5 Nd4 15. f4 f5 16. Rc1 Qb6 17. Nc2 Nxc2 18. Rxc2 e4 19. Be2 Rc7 20. Qd2 a5 21. Rb1 Ng6 22. g3 Rfc8 23. Rc3 Nf8 24. Rb3 Qf2 25. Rf1 Qa7 26. Ra3 Ra8 27. b4 b6 28. g4 g6 29. Rg1 fxg4 30. Rxg4 Rf7 31. Rg2 Qb8 32. c5 bxc5 33. bxc5 dxc5 34. d6 Qb4 35. Qc1 Kg7 36. Bc4 Rf6 37. Rb3 Qa4 38. Rb7+ Kh8 39. Qa1 Nd7 40. Rxd7 Qxd7 41. Qxf6+ Qg7 42. Qxg7+ Kxg7 43. d7 h5 1-0

[Event "European Women-ch 2023"]
[Site "Petrovac"]
[Date "2023.03.23"]
[Round "6.14"]
[White "Pogorelskikh, Sofia"]
[Black "Urh, Zala"]
[Result "0-1"]
[WhiteElo "2102"]
[BlackElo "2294"]
[Annotator "TA"]
[PlyCount "74"]
[EventDate "2023.03.15"]
[EventType "swiss"]
[EventCountry "MNE"]
[SourceTitle "playchess.com"]
[Source "ChessBase"]
[SourceQuality "1"]

1. e4 e5 2. Nf3 Nc6 3. Bb5 a6 4. Ba4 d6 5. O-O Bd7 6. c3 g6 7. d4 Bg7 8. h3 Nf6 9. Re1 O-O 10. Nbd2 exd4 11. cxd4 Nb4 12. Bxd7 Qxd7 13. Qb3 a5 14. a3 Nc6 15. d5 Nb8 16. Nf1 Na6 17. Bf4 Nc5 18. Qc2 Rfe8 19. e5 Nxd5 20. Bg3 Qc6 21. exd6 cxd6 22. N1d2 a4 23. Rac1 Rxe1+ 24. Nxe1 Rc8 25. Qb1 Ne7 26. b4 axb3 27. Nxb3 Nf5 28. Bf4 b6 29. Nd2 Nd4 30. Kf1 d5 31. Nd3 Qa8 32. Nb4 Re8 33. Be3 Qxa3 34. Nxd5 Qa6+ 35. Nc4 Nce6 36. Qxb6 Qa2 37. Qb5 Nxb5 0-1

[Event "European Women-ch 2023"]
[Site "Petrovac"]
[Date "2023.03.23"]
[Round "6.15"]
[White "Donghvani, Nia"]
[Black "Schulze, Lara"]
[Result "1/2-1/2"]
[WhiteElo "2025"]
[BlackElo "2277"]
[Annotator "TA"]
[PlyCount "62"]
[EventDate "2023.03.15"]
[EventType "swiss"]
[EventCountry "MNE"]
[SourceTitle "playchess.com"]
[Source "ChessBase"]
[SourceQuality "1"]

1. c4 e5 2. Nc3 Nf6 3. Nf3 Nc6 4. e4 Bb4 5. d3 d6 6. a3 Bc5 7. b4 Bb6 8. Na4 Bd4 9. Nxd4 Nxd4 10. Be2 O-O 11. O-O Be6 12. Nc3 c6 13. f4 a5 14. Rb1 axb4 15. axb4 exf4 16. Rxf4 Nxe2+ 17. Qxe2 d5 18. e5 Nd7 19. cxd5 cxd5 20. d4 Nb6 21. Qh5 Qc8 22. Bd2 Qc4 23. Rh4 Qd3 24. Rf1 Qg6 25. Qxg6 hxg6 26. Nb5 Rfc8 27. Bg5 Rc2 28. Rhf4 Nc4 29. R4f2 Rxf2 30. Rxf2 Ra4 31. Be7 Ra1+ 1/2-1/2

[Event "European Women-ch 2023"]
[Site "Petrovac"]
[Date "2023.03.23"]
[Round "6.15"]
[White "Karaivanova, Petya"]
[Black "Hapala, Elisabeth"]
[Result "0-1"]
[WhiteElo "1875"]
[BlackElo "2072"]
[Annotator "TA"]
[PlyCount "126"]
[EventDate "2023.03.15"]
[EventType "swiss"]
[EventCountry "MNE"]
[SourceTitle "playchess.com"]
[Source "ChessBase"]
[SourceQuality "1"]

1. e4 c5 2. Nf3 e6 3. d4 cxd4 4. Nxd4 Nc6 5. Nc3 Qc7 6. Be3 a6 7. Be2 Nf6 8. O-O Bb4 9. Na4 Be7 10. Nxc6 bxc6 11. Nb6 Rb8 12. Nxc8 Qxc8 13. e5 Nd5 14. Bd4 c5 15. c4 Nf4 16. Bc3 Nxe2+ 17. Qxe2 O-O 18. f4 f5 19. Rf3 Rf7 20. Rd1 Qc6 21. Rfd3 Rb7 22. h3 Bf8 23. Qf2 h6 24. b3 Qe4 25. Re3 Qc6 26. Red3 Ra7 27. g4 fxg4 28. hxg4 Qe4 29. Rf3 Qg6 30. Rg3 Qe4 31. Rf3 Rc7 32. Re1 Qg6 33. Rg3 Be7 34. Rg2 Bg5 35. Bd2 Rc8 36. Qg3 Be7 37. Qe3 Rcf8 38. Rf1 Bg5 39. Qg3 Be7 40. Qe3 Bg5 41. Qg3 Qe4 42. Re1 Qd4+ 43. Qe3 Rxf4 44. Qxd4 Rxd4 45. Bc3 Rd3 46. Bb2 Bd2 47. Ree2 Be3+ 48. Kh2 Bf4+ 49. Kh1 Rh3+ 50. Kg1 Be3+ 51. Rxe3 Rxe3 52. Ba3 Rxe5 53. Rd2 Rf7 54. Kg2 Rg5 55. Kh3 h5 56. gxh5 Rxh5+ 57. Kg4 g6 58. Rd6 Rh2 59. Kg3 Rxa2 60. Bxc5 a5 61. Ra6 Rf5 62. Bd4 Kf7 63. b4 Ra3+ 0-1

[Event "European Women-ch 2023"]
[Site "Petrovac"]
[Date "2023.03.23"]
[Round "6.16"]
[White "Koljevic, Nikolina"]
[Black "Humbatova, Nazli"]
[Result "1-0"]
[WhiteElo "2042"]
[BlackElo "1737"]
[Annotator "TA"]
[PlyCount "117"]
[EventDate "2023.03.15"]
[EventType "swiss"]
[EventCountry "MNE"]
[SourceTitle "playchess.com"]
[Source "ChessBase"]
[SourceQuality "1"]

1. e4 e6 2. d3 d5 3. Nd2 c5 4. Ngf3 g6 5. g3 Bg7 6. Bg2 Ne7 7. h4 h5 8. O-O Nbc6 9. Re1 O-O 10. c3 b6 11. Qc2 Bb7 12. Nf1 d4 13. c4 e5 14. Ng5 Bc8 15. f4 f6 16. Nf3 Bd7 17. N1h2 Nb4 18. Qe2 a5 19. Rf1 a4 20. Bd2 Nec6 21. a3 Na6 22. f5 gxf5 23. exf5 Rb8 24. Ng5 Ne7 25. Qxh5 fxg5 26. Bxg5 Qe8 27. Qxe8 Rbxe8 28. f6 Bxf6 29. Rxf6 Rxf6 30. Bxf6 Nf5 31. Bd5+ Be6 32. Bc6 Rf8 33. Bxe5 Nb8 34. Bxb8 Rxb8 35. Re1 Bf7 36. Re5 Ne3 37. Nf1 Nd1 38. Re2 Bh5 39. g4 Bg6 40. Bd5+ Kh8 41. Be4 Bxe4 42. dxe4 b5 43. cxb5 Rxb5 44. e5 Rxb2 45. Rxb2 Nxb2 46. e6 Kg7 47. h5 Nc4 48. Ng3 Kf6 49. h6 Ne5 50. h7 Ng6 51. Nh5+ Ke7 52. Nf4 Nh8 53. g5 c4 54. Kf2 c3 55. Ke2 c2 56. Kd2 d3 57. g6 Kf8 58. Kc1 Ke7 59. g7 1-0

[Event "European Women-ch 2023"]
[Site "Petrovac"]
[Date "2023.03.23"]
[Round "6.16"]
[White "Golsta, Ramona"]
[Black "Sliwicka, Alicja"]
[Result "0-1"]
[WhiteElo "1760"]
[BlackElo "2272"]
[Annotator "TA"]
[PlyCount "54"]
[EventDate "2023.03.15"]
[EventType "swiss"]
[EventCountry "MNE"]
[SourceTitle "playchess.com"]
[Source "ChessBase"]
[SourceQuality "1"]

1. d4 Nf6 2. c4 g6 3. Nc3 Bg7 4. e4 d6 5. Nf3 O-O 6. Be2 Nbd7 7. O-O e5 8. Qc2 Re8 9. Rd1 c6 10. Ne1 exd4 11. Rxd4 Nd5 12. Rd1 Nxc3 13. bxc3 Nc5 14. f3 Qa5 15. Kf1 f5 16. Rxd6 fxe4 17. f4 e3 18. g4 Qc7 19. Qd1 Ne4 20. c5 Qf7 21. Qb3 Nxd6 22. cxd6 Be6 23. Qb4 a5 24. Qc5 Qxf4+ 25. Nf3 Bd5 26. d7 Rf8 27. Bxe3 Qxg4 0-1

[Event "European Women-ch 2023"]
[Site "Petrovac"]
[Date "2023.03.23"]
[Round "6.17"]
[White "Mammadova, Gulnar"]
[Black "Kobak, Polina"]
[Result "1-0"]
[WhiteElo "2358"]
[BlackElo "1815"]
[Annotator "TA"]
[PlyCount "93"]
[EventDate "2023.03.15"]
[EventType "swiss"]
[EventCountry "MNE"]
[SourceTitle "playchess.com"]
[Source "ChessBase"]
[SourceQuality "1"]

1. c4 e5 2. g3 c6 3. Nf3 e4 4. Nd4 d5 5. cxd5 cxd5 6. d3 Bc5 7. Nb3 Bb4+ 8. Bd2 Qe7 9. dxe4 dxe4 10. Bg2 Nf6 11. O-O Bxd2 12. Qxd2 O-O 13. Nc3 Nc6 14. Rfd1 Bf5 15. Qg5 Bg6 16. Qc5 Rfe8 17. Rac1 e3 18. fxe3 Ne4 19. Qxe7 Rxe7 20. Bxe4 Bxe4 21. Nc5 f5 22. b3 Ne5 23. N5xe4 fxe4 24. h3 Nc6 25. Rd6 Rf8 26. Rcd1 Rf5 27. Nd5 Ref7 28. b4 g5 29. Re6 Re5 30. Nf6+ Kg7 31. Rxe5 Nxe5 32. Nxe4 h6 33. Nd6 Rd7 34. Nf5+ Kg6 35. Nd4 Nc4 36. Kf2 b5 37. g4 a6 38. Rc1 Rd6 39. a4 Rf6+ 40. Nf3 Re6 41. axb5 axb5 42. Rc3 Rf6 43. Rd3 Re6 44. Rd5 Na3 45. Nd4 Rf6+ 46. Nf5 Rb6 47. Rd7 1-0

[Event "European Women-ch 2023"]
[Site "Petrovac"]
[Date "2023.03.23"]
[Round "6.17"]
[White "Aydin, Gulenay"]
[Black "Bassari, Senem Gul"]
[Result "1-0"]
[WhiteElo "2039"]
[BlackElo "1524"]
[Annotator "TA"]
[PlyCount "93"]
[EventDate "2023.03.15"]
[EventType "swiss"]
[EventCountry "MNE"]
[SourceTitle "playchess.com"]
[Source "ChessBase"]
[SourceQuality "1"]

1. e4 c5 2. Nf3 d6 3. d4 cxd4 4. Nxd4 Nf6 5. Nc3 a6 6. a3 g6 7. f3 Bg7 8. Be3 b5 9. Qd2 h5 10. Be2 Bb7 11. O-O Nbd7 12. a4 bxa4 13. Rxa4 h4 14. h3 Nh5 15. Rfa1 Nc5 16. R4a3 Ng3 17. Bc4 Rc8 18. Bd5 Qb6 19. Nb3 Qc7 20. Nxc5 dxc5 21. Rb3 Bxc3 22. Rxc3 Bxd5 23. Rxc5 Qb8 24. Rxc8+ Qxc8 25. exd5 O-O 26. Bf2 Nf5 27. Ra4 Qb7 28. Rb4 Qd7 29. Bxh4 Rd8 30. Re4 Qa7+ 31. Bf2 Qb7 32. c4 Nd6 33. Rd4 Nf5 34. Rd3 Rb8 35. b3 Qd7 36. g4 Ng7 37. Bd4 Qd6 38. Kg2 Ne8 39. Qh6 Nf6 40. g5 Qf4 41. Be3 Qf5 42. gxf6 exf6 43. Qf4 Qxd3 44. Qxb8+ Kg7 45. Bf2 Qd2 46. h4 g5 47. hxg5 1-0

[Event "European Women-ch 2023"]
[Site "Petrovac"]
[Date "2023.03.23"]
[Round "6.18"]
[White "Kostina, Veronika"]
[Black "Maione, Melissa"]
[Result "1-0"]
[WhiteElo "1855"]
[BlackElo "2028"]
[Annotator "TA"]
[PlyCount "73"]
[EventDate "2023.03.15"]
[EventType "swiss"]
[EventCountry "MNE"]
[SourceTitle "playchess.com"]
[Source "ChessBase"]
[SourceQuality "1"]

1. e4 c5 2. Nc3 Nc6 3. Bb5 Nd4 4. Bc4 a6 5. Nf3 e6 6. Nxd4 cxd4 7. Ne2 b5 8. Bb3 Bc5 9. O-O Ne7 10. d3 O-O 11. Bg5 f6 12. Bd2 Kh8 13. Ng3 d5 14. Qh5 e5 15. f4 f5 16. exf5 e4 17. dxe4 d3+ 18. Kh1 dxe4 19. Nxe4 Rxf5 20. Ng5 h6 21. Nf7+ Kh7 22. Qxf5+ Bxf5 23. Nxd8 Rxd8 24. cxd3 Rxd3 25. Bc3 b4 26. Be5 Rd2 27. Rad1 Re2 28. Bc4 Rc2 29. Bxa6 Ng6 30. Rc1 Rxc1 31. Rxc1 Be3 32. Rc7 Nxe5 33. fxe5 Bf4 34. Rc4 Bd2 35. Bc8 Bg6 36. e6 Kg8 37. Rd4 1-0

[Event "European Women-ch 2023"]
[Site "Petrovac"]
[Date "2023.03.23"]
[Round "6.20"]
[White "Klek, Hanna Marie"]
[Black "Zherebtsova, Alexandra"]
[Result "1-0"]
[WhiteElo "2314"]
[BlackElo "2155"]
[Annotator "TA"]
[PlyCount "55"]
[EventDate "2023.03.15"]
[EventType "swiss"]
[EventCountry "MNE"]
[SourceTitle "playchess.com"]
[Source "ChessBase"]
[SourceQuality "1"]

1. e4 c5 2. Nf3 Nc6 3. d4 cxd4 4. Nxd4 e5 5. Nb5 d6 6. c4 g6 7. N1c3 a6 8. Na3 Be6 9. Be3 Bg7 10. Nc2 Nf6 11. Be2 O-O 12. Qd2 Rc8 13. b3 b5 14. cxb5 axb5 15. b4 Ne7 16. Rc1 d5 17. exd5 Nexd5 18. Nxd5 Bxd5 19. O-O Ne4 20. Qe1 Nc3 21. Na3 Nxa2 22. Rxc8 Qxc8 23. Nxb5 Qb7 24. Qd2 e4 25. Bc5 Ra8 26. Nd6 Bc3 27. Qd1 Qc6 28. Bb5 1-0

[Event "European Women-ch 2023"]
[Site "Petrovac"]
[Date "2023.03.23"]
[Round "6.20"]
[White "Zhezhovska, Monika"]
[Black "Mashchenko, Tamila"]
[Result "1/2-1/2"]
[WhiteElo "1761"]
[BlackElo "1956"]
[Annotator "TA"]
[PlyCount "127"]
[EventDate "2023.03.15"]
[EventType "swiss"]
[EventCountry "MNE"]
[SourceTitle "playchess.com"]
[Source "ChessBase"]
[SourceQuality "1"]

1. d4 Nf6 2. c4 c5 3. d5 b5 4. cxb5 a6 5. bxa6 g6 6. Nc3 Bxa6 7. Nf3 d6 8. e4 Bxf1 9. Kxf1 Bg7 10. g3 O-O 11. Kg2 Nbd7 12. Re1 Ng4 13. Nd2 Nge5 14. Qe2 Nb6 15. f4 Ned7 16. Qd3 Qc8 17. b3 c4 18. Nxc4 Nxc4 19. bxc4 Nc5 20. Qc2 Qa6 21. e5 Qxc4 22. Bd2 Rfc8 23. Re3 dxe5 24. fxe5 Na4 25. Qb3 Qd4 26. Rd1 Nxc3 27. Rxc3 Bxe5 28. Rf3 Rcb8 29. Qd3 Rxa2 30. Qxd4 Bxd4 31. Rd3 Bc5 32. Kf3 Ra3 33. Rxa3 Bxa3 34. Bf4 Rd8 35. Ke4 Bd6 36. Bh6 f6 37. Be3 Kf7 38. Rd2 h5 39. Rd3 h4 40. Kf3 hxg3 41. hxg3 Ke8 42. Bf2 Kd7 43. Ke4 Ra8 44. Bd4 Ra4 45. Kf3 Ra3 46. Rxa3 Bxa3 47. g4 Bd6 48. Ke4 Kc7 49. Be3 Kb7 50. Bd4 Ka6 51. Be3 Kb5 52. Bd4 Kc4 53. Be3 Kc3 54. Bd4+ Kc4 55. Be3 f5+ 56. gxf5 gxf5+ 57. Kxf5 Kxd5 58. Bg5 e6+ 59. Kg4 Ke4 60. Bf6 Be5 61. Be7 Bc7 62. Bf6 Bb6 63. Bg7 Be3 64. Bf6 1/2-1/2

[Event "European Women-ch 2023"]
[Site "Petrovac"]
[Date "2023.03.23"]
[Round "6.21"]
[White "Krasteva, Beloslava"]
[Black "Spalir, Monika"]
[Result "1-0"]
[WhiteElo "2292"]
[BlackElo "2125"]
[Annotator "TA"]
[PlyCount "149"]
[EventDate "2023.03.15"]
[EventType "swiss"]
[EventCountry "MNE"]
[SourceTitle "playchess.com"]
[Source "ChessBase"]
[SourceQuality "1"]

1. d4 d5 2. c4 c6 3. cxd5 cxd5 4. Bf4 Nf6 5. Nc3 Nc6 6. e3 Bf5 7. Qb3 Na5 8. Qa4+ Bd7 9. Qc2 Rc8 10. Bd3 e6 11. Nf3 b5 12. a3 Be7 13. O-O O-O 14. Ne5 Be8 15. Qe2 a6 16. Rac1 Nc4 17. a4 b4 18. Nb1 Bxa4 19. Nxc4 dxc4 20. Bxc4 a5 21. Nd2 Qd7 22. Ra1 Ra8 23. Nf3 Rfc8 24. Ne5 Qe8 25. Bg3 Nd7 26. Rxa4 Nxe5 27. Bb5 Nd7 28. Rfa1 b3 29. h3 Bb4 30. Qd3 Qe7 31. Qxb3 Nb6 32. R4a2 Qg5 33. Be2 Ra7 34. Rd1 Nd5 35. Raa1 Rd7 36. Rac1 Rdd8 37. h4 Qg6 38. Qd3 Qf6 39. Qe4 Qh6 40. h5 Rf8 41. Qf3 f5 42. Bc4 Kh8 43. Bxd5 Rxc1 44. Rxc1 exd5 45. Rc7 Qe6 46. h6 Qxh6 47. Be5 Rg8 48. Qxd5 Bf8 49. Qxa5 Qg6 50. Qd5 f4 51. Bxf4 Qb1+ 52. Kh2 Qxb2 53. Qf3 Qb6 54. Rc6 Qd8 55. Be5 Qh4+ 56. Kg1 Bb4 57. Qg3 Qe7 58. Rc7 Qf8 59. d5 Be7 60. d6 Bd8 61. Rc8 Qf7 62. Qg4 Rf8 63. f3 h5 64. Qh3 Kg8 65. d7 Qg6 66. Qg3 Qf7 67. Bd6 Qxd7 68. Bxf8 Kxf8 69. Qb8 Qd1+ 70. Kh2 Qe1 71. Rxd8+ Kf7 72. Qf4+ Ke7 73. Qf8+ Ke6 74. Rd6+ Ke5 75. Qf4# 1-0

[Event "European Women-ch 2023"]
[Site "Petrovac"]
[Date "2023.03.23"]
[Round "6.21"]
[White "Popovic, Mateja"]
[Black "Mayrhuber, Nikola"]
[Result "0-1"]
[WhiteElo "1832"]
[BlackElo "2162"]
[Annotator "TA"]
[PlyCount "74"]
[EventDate "2023.03.15"]
[EventType "swiss"]
[EventCountry "MNE"]
[SourceTitle "playchess.com"]
[Source "ChessBase"]
[SourceQuality "1"]

1. d4 Nf6 2. c4 e6 3. Nf3 Bb4+ 4. Nbd2 b6 5. a3 Bxd2+ 6. Bxd2 Bb7 7. Bg5 d6 8. e3 Nbd7 9. Be2 h6 10. Bh4 Qe7 11. b4 g5 12. Bg3 Ne4 13. O-O h5 14. h4 Nc3 15. Qd3 Nxe2+ 16. Qxe2 g4 17. Nd2 Nf8 18. e4 Ng6 19. f3 Nxh4 20. fxg4 hxg4 21. Qxg4 O-O-O 22. Bxh4 Rxh4 23. Qg7 Rf8 24. Rae1 Rh5 25. Re2 Bc6 26. d5 Bd7 27. Ref2 Rg5 28. Qf6 Qxf6 29. Rxf6 exd5 30. exd5 Rfg8 31. R1f2 Bh3 32. Rxf7 Rxg2+ 33. Kh1 Kb7 34. Ne4 R2g6 35. Kh2 Bf5 36. Ng3 Rh8+ 37. Kg2 Be4+ 0-1

[Event "European Women-ch 2023"]
[Site "Petrovac"]
[Date "2023.03.23"]
[Round "6.22"]
[White "Silva, Mariana Sofia T."]
[Black "Gamal, Alaa"]
[Result "1/2-1/2"]
[WhiteElo "1920"]
[BlackElo "1748"]
[Annotator "TA"]
[PlyCount "133"]
[EventDate "2023.03.15"]
[EventType "swiss"]
[EventCountry "MNE"]
[SourceTitle "playchess.com"]
[Source "ChessBase"]
[SourceQuality "1"]

1. d4 Nf6 2. c4 e6 3. g3 Bb4+ 4. Bd2 Qe7 5. Bg2 Bxd2+ 6. Qxd2 d6 7. Nc3 e5 8. dxe5 dxe5 9. Nf3 O-O 10. Rd1 c6 11. Qd6 Qxd6 12. Rxd6 Re8 13. O-O Bf5 14. h3 h5 15. Rfd1 Nbd7 16. b3 Nc5 17. Ng5 Ne6 18. Nxe6 Bxe6 19. Na4 Bf5 20. Nc5 Rab8 21. b4 e4 22. e3 Kf8 23. Nb3 Be6 24. Na5 Ke7 25. R6d4 Bf5 26. a3 Rec8 27. c5 Be6 28. Bxe4 Bxh3 29. Nc4 Bg4 30. R1d2 Nxe4 31. Rxe4+ Be6 32. Nd6 Rc7 33. f4 Kf8 34. f5 Bd5 35. Rf4 f6 36. e4 Bf7 37. Kf2 Rd7 38. Rf3 Rbd8 39. Rfd3 b6 40. Rb2 Rb8 41. Rdd2 Rbd8 42. Ke3 Ke7 43. Kf4 g5+ 44. fxg6 Bxg6 45. a4 Ke6 46. a5 b5 47. Rh2 Rg8 48. Rbd2 Rgd8 49. Rh4 Rg8 50. a6 Rdg7 51. Rh1 Bh7 52. Rh3 Rg4+ 53. Kf3 R8g5 54. Re2 Bg6 55. Kf2 Ke5 56. Re3 Kd4 57. Rh1 Ke5 58. Nc8 Rxe4 59. Rxe4+ Bxe4 60. Rh4 f5 61. Nxa7 Rg8 62. Rxh5 Ra8 63. Nxb5 cxb5 64. Rh6 Kd4 65. Rb6 Kc4 66. c6 Kxb4 67. c7 1/2-1/2

[Event "European Women-ch 2023"]
[Site "Petrovac"]
[Date "2023.03.23"]
[Round "6.22"]
[White "Silva, Ana Ines Teixeira Da"]
[Black "Kulon, Klaudia"]
[Result "0-1"]
[WhiteElo "1792"]
[BlackElo "2290"]
[Annotator "TA"]
[PlyCount "66"]
[EventDate "2023.03.15"]
[EventType "swiss"]
[EventCountry "MNE"]
[SourceTitle "playchess.com"]
[Source "ChessBase"]
[SourceQuality "1"]

1. e4 c5 2. c3 Nf6 3. e5 Nd5 4. Nf3 Nc6 5. Bc4 Nb6 6. Bb3 d5 7. exd6 c4 8. Bc2 Qxd6 9. O-O g6 10. b3 Bg7 11. Qe2 Be6 12. Ng5 Bd5 13. Ne4 Qc7 14. Na3 cxb3 15. axb3 O-O 16. d4 a6 17. Bg5 f5 18. Nc5 e5 19. dxe5 Nxe5 20. b4 Ng4 21. f4 Bxc3 22. Ne6 Qc6 23. Nxf8 Bd4+ 24. Kh1 Re8 25. Be4 Bxe4 26. Rac1 Nf2+ 27. Qxf2 Bxf2 28. Rxc6 Bxc6 29. Bh6 Be1 30. Nc2 Bc3 31. h3 Re2 32. Rc1 Rxg2 33. Nd4 Rc2+ 0-1

[Event "European Women-ch 2023"]
[Site "Petrovac"]
[Date "2023.03.23"]
[Round "6.23"]
[White "Zhapova, Yana"]
[Black "Koridze, Lile"]
[Result "0-1"]
[WhiteElo "2269"]
[BlackElo "2122"]
[Annotator "TA"]
[PlyCount "70"]
[EventDate "2023.03.15"]
[EventType "swiss"]
[EventCountry "MNE"]
[SourceTitle "playchess.com"]
[Source "ChessBase"]
[SourceQuality "1"]

1. e4 c5 2. Nf3 d6 3. Bb5+ Nd7 4. Ba4 Ngf6 5. O-O g6 6. Re1 Bg7 7. c3 O-O 8. d4 e6 9. Bf4 Qb6 10. Na3 d5 11. exd5 Nxd5 12. Bg3 cxd4 13. c4 Nc7 14. Rb1 Nc5 15. b4 Nxa4 16. Qxa4 Ne8 17. Rbd1 a5 18. Nc2 Nd6 19. Nfxd4 Nxc4 20. Qb3 e5 21. Qxc4 exd4 22. bxa5 Qxa5 23. Nxd4 Bg4 24. f3 Bd7 25. Nb3 Qa4 26. Qc7 Bc6 27. Bf2 Qxa2 28. Nd4 Qa5 29. Qf4 Rad8 30. Bh4 Rxd4 31. Rxd4 g5 32. Qd6 Bxd4+ 33. Qxd4 gxh4 34. Qxh4 f6 35. Re7 Qc5+ 0-1

[Event "European Women-ch 2023"]
[Site "Petrovac"]
[Date "2023.03.23"]
[Round "6.24"]
[White "Froewis, Annika"]
[Black "Eric, Jovana"]
[Result "1/2-1/2"]
[WhiteElo "2123"]
[BlackElo "2230"]
[Annotator "TA"]
[PlyCount "149"]
[EventDate "2023.03.15"]
[EventType "swiss"]
[EventCountry "MNE"]
[SourceTitle "playchess.com"]
[Source "ChessBase"]
[SourceQuality "1"]

1. d4 Nf6 2. Bf4 e6 3. e3 b6 4. c3 Bb7 5. Nd2 g6 6. h3 Bg7 7. Ngf3 d6 8. Qc2 Nbd7 9. e4 O-O 10. Bd3 Re8 11. O-O-O e5 12. dxe5 dxe5 13. Bg5 h6 14. Be3 Nh5 15. g3 Qe7 16. Nh4 Kh7 17. Rhg1 Nc5 18. Be2 Nf6 19. f3 a5 20. Kb1 a4 21. Bf2 Bc6 22. g4 Ne6 23. Ng2 b5 24. a3 Bd7 25. h4 c5 26. Ka1 Rec8 27. Bg3 Ne8 28. Ne3 Nf4 29. Bf1 Nc7 30. Rh1 Kg8 31. Rh2 Be6 32. c4 bxc4 33. Bxc4 Rcb8 34. Ka2 Nb5 35. Bxe6 Nxe6 36. Nd5 Qb7 37. Nc4 Nbd4 38. Qc3 f6 39. Rd3 Qa7 40. Qc1 Rb3 41. Rxb3 axb3+ 42. Kb1 Qa6 43. Rf2 Nc2 44. Qf1 Kh7 45. Qd3 Ncd4 46. Qc3 Rd8 47. Kc1 f5 48. Qd3 f4 49. Bh2 Qb5 50. Bg1 Ra8 51. Kb1 Ra4 52. Ndb6 Ra7 53. Nd5 Nc7 54. h5 g5 55. Nc3 Qa6 56. Rf1 Ncb5 57. Nd5 Nd6 58. Rc1 Qb5 59. Rc3 Nxf3 60. Qxf3 Nxc4 61. Qd3 Ra4 62. Kc1 Nd6 63. Qxb5 Nxb5 64. Rxb3 Rxe4 65. Rxb5 Re1+ 66. Kd2 Rxg1 67. Rb7 e4 68. Nf6+ Kh8 69. Rb8+ Bf8 70. Rb7 e3+ 71. Kd3 Bg7 72. Rb8+ Bf8 73. Rb7 Bg7 74. Rb8+ Bf8 75. Rb7 1/2-1/2

[Event "European Women-ch 2023"]
[Site "Petrovac"]
[Date "2023.03.23"]
[Round "6.24"]
[White "Petrovska, Katerina"]
[Black "Ivanovic, Tara"]
[Result "1/2-1/2"]
[WhiteElo "1907"]
[BlackElo "1472"]
[Annotator "TA"]
[PlyCount "60"]
[EventDate "2023.03.15"]
[EventType "swiss"]
[EventCountry "MNE"]
[SourceTitle "playchess.com"]
[Source "ChessBase"]
[SourceQuality "1"]

1. e4 e5 2. Bc4 Nf6 3. d3 Be7 4. Nc3 Nc6 5. f4 exf4 6. Bxf4 d6 7. h3 Be6 8. Bxe6 fxe6 9. Nf3 e5 10. Be3 Qd7 11. Qd2 O-O-O 12. O-O-O Rdf8 13. d4 exd4 14. Nxd4 Nxd4 15. Qxd4 b6 16. Qc4 Kb7 17. e5 Ne8 18. Nb5 Qc6 19. Qxc6+ Kxc6 20. exd6 Nxd6 21. Nd4+ Kb7 22. Rhf1 Rxf1 23. Rxf1 Bf6 24. c3 Re8 25. Bf4 Re4 26. Bxd6 cxd6 27. Rd1 Bxd4 28. cxd4 Re2 29. g4 Re3 30. Rf1 Re7 1/2-1/2

[Event "European Women-ch 2023"]
[Site "Petrovac"]
[Date "2023.03.23"]
[Round "6.25"]
[White "Sandu, Mihaela"]
[Black "Lomaia, Diana"]
[Result "1-0"]
[WhiteElo "2211"]
[BlackElo "1950"]
[Annotator "TA"]
[PlyCount "111"]
[EventDate "2023.03.15"]
[EventType "swiss"]
[EventCountry "MNE"]
[SourceTitle "playchess.com"]
[Source "ChessBase"]
[SourceQuality "1"]

1. e4 c5 2. Nf3 e6 3. d4 cxd4 4. Nxd4 Nc6 5. Nc3 Qc7 6. Be3 a6 7. g4 b5 8. Nxc6 Qxc6 9. Qd2 Bb7 10. f3 Rc8 11. O-O-O Ne7 12. Bd3 b4 13. Ne2 Qa4 14. Kb1 d5 15. Nf4 Ng6 16. b3 Qa5 17. Bd4 Rd8 18. exd5 Nxf4 19. Qxf4 Bxd5 20. Rhe1 Bb7 21. Qe3 Rd6 22. Bc5 Rd5 23. Bb6 Bc5 24. Bxa5 Bxe3 25. Bxb4 Bf2 26. Rf1 Bc5 27. Bxc5 Rxc5 28. b4 Rc7 29. Kb2 Ke7 30. c4 a5 31. a3 Rb8 32. Kc3 Rbc8 33. f4 Ba6 34. c5 Bb7 35. Bc4 Be4 36. Rd4 Bg2 37. Rf2 Bb7 38. g5 g6 39. Rfd2 axb4+ 40. axb4 Ra8 41. b5 Rac8 42. c6 Bxc6 43. bxc6 Rxc6 44. h4 Rc5 45. Kb4 Rf5 46. Ra2 Rb8+ 47. Kc3 Kf8 48. Ra7 Rc5 49. Kd3 Rbc8 50. Ba6 Rb8 51. Ke4 Rf5 52. Bd3 Re8 53. Kf3 e5 54. Bxf5 exd4 55. Be4 Rd8 56. Ra8 1-0

[Event "European Women-ch 2023"]
[Site "Petrovac"]
[Date "2023.03.23"]
[Round "6.26"]
[White "Stefanova, Antoaneta"]
[Black "Paasikangas, Johanna"]
[Result "1-0"]
[WhiteElo "2435"]
[BlackElo "2115"]
[Annotator "TA"]
[PlyCount "101"]
[EventDate "2023.03.15"]
[EventType "swiss"]
[EventCountry "MNE"]
[SourceTitle "playchess.com"]
[Source "ChessBase"]
[SourceQuality "1"]

1. d4 d5 2. c4 e6 3. Nf3 Nf6 4. Nc3 c6 5. e3 Bd6 6. Bd3 O-O 7. O-O Nbd7 8. e4 dxc4 9. Bxc4 e5 10. Bg5 h6 11. Bh4 exd4 12. Nxd4 Ne5 13. Be2 Ng6 14. Bg3 Bxg3 15. hxg3 Qb6 16. Nb3 Be6 17. Qd4 Bxb3 18. Qxb6 axb6 19. axb3 b5 20. b4 Nd7 21. f4 Nb6 22. Kf2 Rfd8 23. Ke3 Kf8 24. Ra5 Ke7 25. Rfa1 Rab8 26. Ra7 Nf8 27. Rd1 Rxd1 28. Nxd1 Na4 29. b3 Nb6 30. Nf2 Kd6 31. Nd3 Nfd7 32. Bg4 f6 33. Kd4 Nc8 34. Ra1 b6 35. e5+ fxe5+ 36. fxe5+ Ke7 37. Nf4 Ke8 38. Nh5 g6 39. Nf6+ Nxf6 40. exf6 Nd6 41. Rc1 Rd8 42. Rxc6 Nf7+ 43. Ke3 Ng5 44. Be2 Rd5 45. Bd3 Kf7 46. Rxb6 Ne6 47. Bxb5 Re5+ 48. Kd3 Rg5 49. Bc4 Rxg3+ 50. Ke4 Kxf6 51. Rxe6+ 1-0

[Event "European Women-ch 2023"]
[Site "Petrovac"]
[Date "2023.03.23"]
[Round "6.27"]
[White "Abdinova, Narmin"]
[Black "Velikic, Adela"]
[Result "1-0"]
[WhiteElo "2090"]
[BlackElo "2329"]
[Annotator "TA"]
[PlyCount "59"]
[EventDate "2023.03.15"]
[EventType "swiss"]
[EventCountry "MNE"]
[SourceTitle "playchess.com"]
[Source "ChessBase"]
[SourceQuality "1"]

1. d4 d5 2. c4 e6 3. Nf3 c6 4. g3 dxc4 5. Bg2 b5 6. O-O Bb7 7. Ne5 Qc8 8. b3 cxb3 9. axb3 Nd7 10. Nc3 Ngf6 11. Bg5 Nxe5 12. dxe5 Nd5 13. Ne4 h6 14. Bd2 Qc7 15. Nd6+ Bxd6 16. Ba5 Qd7 17. exd6 c5 18. e4 Nf6 19. Bc3 a6 20. Qc2 Rc8 21. Qb2 Nxe4 22. Bxe4 Bxe4 23. Rxa6 f6 24. Qe2 Bf5 25. g4 Bg6 26. Ra7 Qxd6 27. Qxb5+ Kf8 28. Qb7 Rh7 29. Qxc8+ Be8 30. Bxf6 1-0